| 000 | 01067cab a2200277 4500 | ||
|---|---|---|---|
| 001 | ABS59102 | ||
| 008 | 090401t1998 xxu||||| |||| 00| 0 eng d | ||
| 035 | _a(Sirsi) u87851 | ||
| 041 | _aeng | ||
| 100 | _aEdge, J | ||
| 245 | _aMeasuring methods for weighing up value | ||
| 260 | _c1998 | ||
| 350 | _a0 | ||
| 490 |
_aProperty Week _v63(15) 31 July 1998, 31(1) |
||
| 520 | _aDiscusses the progress on 2 of the 43 Mallinson Report recommendations. One concerning a code and specification to produce Estimated Realisation Price(ERP) and Estimated Restriction Realisation Price(ERRP). The other relating to the identification of DCF techniques and other methodologies to reduce valuers` dependence on the all-risk yield methods. | ||
| 650 | _aBUSINESSES | ||
| 650 | _aDISCOUNTED CASH FLOW TECHNIQUES | ||
| 650 | _aESTIMATED REALISATION PRICE | ||
| 650 | _aESTIMATED RESTRICTED REALISATION PRICE | ||
| 650 | _aMALLINSON REPORT | ||
| 650 |
_aValuation _96273 |
||
| 650 | _aWORTH | ||
| 690 | _aRATING AND VALUATION | ||
| 942 | _n0 | ||
| 948 | _c05/08/1998 | ||
| 999 |
_c55449 _d55449 |
||